[Event "DEN-ch"]
[Site "Horsens"]
[Date "2003.04.18"]
[Round "7"]
[White "Fries Nielsen, Jens Ove"]
[Black "Pedersen, Steffen"]
[Result "1-0"]
[WhiteElo "2448"]
[BlackElo "2443"]
[PlyCount "97"]
[EventDate "2003.04.12"]
[EventType "tourn"]
[EventRounds "9"]
[EventCountry "DEN"]
[EventCategory "10"]
[Source "ChessBase"]
[SourceDate "2003.07.25"]

1. e4 c5 2. b3 d6 3. Bb2 e5 4. Bb5+ Nd7 5. Ne2 Ngf6 6. d3 Be7 7. O-O O-O 8. a4
Nb8 9. Nbc3 a6 10. Bc4 Nc6 11. f4 Bg4 12. h3 Bxe2 13. Nxe2 Rb8 14. fxe5 Nxe5
15. a5 Nc6 16. Ng3 Nd7 17. Nf5 Bf6 18. Bxf6 Qxf6 19. Qd2 Nde5 20. Bd5 Qd8 21.
Bxc6 Nxc6 22. Rf4 Ne5 23. Raf1 Rc8 24. Qf2 Rc7 25. Qg3 f6 26. Ne3 Rcf7 27. Nf5
Rd7 28. d4 Ng6 29. Rg4 cxd4 30. h4 Qc7 31. Nxd4 Qxa5 32. c3 Rc8 33. b4 Qe5 34.
Qh3 Qe8 35. h5 Ne5 36. Rg3 Rf7 37. Nf5 Rd7 38. Qh4 Kh8 39. h6 g5 40. Qh2 Rc4
41. Rxg5 Rxe4 42. Rg7 Nc4 43. Qg3 Ne3 44. Re1 Nxf5 45. Rxe4 Qf8 46. Qg4 Rxg7
47. hxg7+ Nxg7 48. Qd7 b5 49. Re7 1-0

[Event "DEN-ch"]
[Site "Horsens"]
[Date "2003.04.13"]
[Round "2"]
[White "Fries Nielsen, Jens Ove"]
[Black "Rasmussen, Karsten"]
[Result "1/2-1/2"]
[WhiteElo "2448"]
[BlackElo "2423"]
[PlyCount "87"]
[EventDate "2003.04.12"]
[EventType "tourn"]
[EventRounds "9"]
[EventCountry "DEN"]
[EventCategory "10"]
[Source "ChessBase"]
[SourceDate "2003.07.25"]

1. e4 c6 2. d4 d5 3. e5 Bf5 4. Nf3 e6 5. Nbd2 Nd7 6. c4 Nh6 7. Be2 Bg6 8. O-O
Be7 9. Nb3 dxc4 10. Bxc4 Nf5 11. g4 Nh6 12. h3 Nb6 13. Be2 O-O 14. Bd2 Kh8 15.
Qc1 Ng8 16. Ne1 f6 17. Nc5 Bxc5 18. dxc5 Nd7 19. exf6 Ngxf6 20. Ng2 Qe7 21. b4
Nd5 22. Bg5 N7f6 23. Qb2 Qf7 24. f3 Rae8 25. Bc4 Qc7 26. Bh4 Nf4 27. Nxf4 Qxf4
28. Qc1 Nd5 29. Bxd5 Qd4+ 30. Bf2 Qxd5 31. f4 Qe4 32. Qe3 Qxb4 33. Bh4 b6 34.
Rac1 bxc5 35. Rxc5 Bd3 36. Be1 Qe4 37. Qxe4 Bxe4 38. Bc3 Rb8 39. Ra5 Rb7 40.
Bd4 Rff7 41. Re1 Bd5 42. f5 Kg8 43. fxe6 Rfe7 44. a3 1/2-1/2

[Event "DEN-ch"]
[Site "Horsens"]
[Date "2003.04.20"]
[Round "9"]
[White "Fries Nielsen, Jens Ove"]
[Black "Mortensen, Erling"]
[Result "1-0"]
[WhiteElo "2448"]
[BlackElo "2453"]
[PlyCount "89"]
[EventDate "2003.04.12"]
[EventType "tourn"]
[EventRounds "9"]
[EventCountry "DEN"]
[EventCategory "10"]
[Source "ChessBase"]
[SourceDate "2003.07.25"]

1. e4 c5 2. Nf3 e6 3. b3 b6 4. Bb2 Bb7 5. Nc3 Nc6 6. d4 cxd4 7. Nxd4 Nf6 8.
Nxc6 Bxc6 9. Bd3 Qc7 10. Qe2 Bd6 11. O-O-O Be5 12. Kb1 Rc8 13. Ba6 Rb8 14. Rd3
b5 15. f4 Bxc3 16. Bxc3 Qb6 17. e5 Nd5 18. Rxd5 Bxd5 19. Bb4 d6 20. Bxd6 Kd7
21. c4 bxc4 22. Bxb8 Qxa6 23. Bd6 Qb6 24. Rc1 Rc8 25. Qc2 Rc6 26. b4 a5 27. a3
c3 28. Ka1 Qd4 29. Bc5 Qc4 30. Rd1 Ra6 31. Rd4 Qf1+ 32. Rd1 Qc4 33. Rd4 Qf1+
34. Rd1 Qxf4 35. Qxc3 axb4 36. Qxb4 Qxe5+ 37. Rd4 Kc6 38. a4 Qe2 39. Rd2 Qf1+
40. Kb2 f6 41. Be3 Kd7 42. Qb7+ Kd8 43. Bc5 Rxa4 44. Qe7+ Kc8 45. Qe8+ 1-0

[Event "DEN-ch"]
[Site "Horsens"]
[Date "2003.04.15"]
[Round "4"]
[White "Fries Nielsen, Jens Ove"]
[Black "Hoi, Carsten"]
[Result "1/2-1/2"]
[WhiteElo "2448"]
[BlackElo "2406"]
[PlyCount "53"]
[EventDate "2003.04.12"]
[EventType "tourn"]
[EventRounds "9"]
[EventCountry "DEN"]
[EventCategory "10"]
[Source "ChessBase"]
[SourceDate "2003.07.25"]

1. d4 Nf6 2. Nf3 d5 3. c4 dxc4 4. e3 Bg4 5. Bxc4 e6 6. O-O a6 7. Nc3 Nc6 8. Be2
Bd6 9. b3 Qe7 10. Bb2 e5 11. d5 Nb8 12. Nd2 Bxe2 13. Qxe2 O-O 14. e4 Nbd7 15.
Nc4 Ne8 16. Rad1 Bc5 17. Na4 Bb4 18. Ne3 Nd6 19. Rc1 b5 20. Nc2 Ba5 21. Nc3 Qh4
22. g3 Qh3 23. Ne3 g6 24. Nc2 Rae8 25. Rb1 Ra8 26. Ra1 Qe6 27. Qd1 1/2-1/2

[Event "DEN-ch"]
[Site "Horsens"]
[Date "2003.04.17"]
[Round "6"]
[White "Hansen, Sune Berg"]
[Black "Fries Nielsen, Jens Ove"]
[Result "0-1"]
[WhiteElo "2537"]
[BlackElo "2448"]
[PlyCount "98"]
[EventDate "2003.04.12"]
[EventType "tourn"]
[EventRounds "9"]
[EventCountry "DEN"]
[EventCategory "10"]
[Source "ChessBase"]
[SourceDate "2003.07.25"]

1. e4 g6 2. d4 Bg7 3. Nf3 c6 4. Nc3 d5 5. h3 dxe4 6. Nxe4 Nf6 7. Nxf6+ exf6 8.
Bc4 O-O 9. O-O Nd7 10. Re1 Nb6 11. Bb3 a5 12. a3 Qc7 13. Bd2 Bd7 14. Ba2 g5 15.
c4 Bf5 16. Nh2 Rfd8 17. Be3 Bg6 18. Qf3 Re8 19. Bd2 Red8 20. Be3 Re8 21. h4 h6
22. Nf1 gxh4 23. Bf4 Qd7 24. d5 c5 25. Ne3 f5 26. Re2 Re4 27. Rae1 Na4 28. d6
Rae8 29. Nd5 Nxb2 30. Bb1 Nxc4 31. Bxe4 fxe4 32. Qb3 Nxd6 33. Bxh6 Bd4 34. Nf4
Qg4 35. Nxg6 Qxg6 36. Bf4 Be5 37. Bxe5 Rxe5 38. Rd1 Nf5 39. Rd8+ Kg7 40. Qh3
Nd4 41. Re3 Rg5 42. Kh1 Ne6 43. Ra8 Rd5 44. Re1 Nf4 45. Qh2 Qg4 46. Re8 h3 47.
Qg3 hxg2+ 48. Kg1 Qxg3 49. fxg3 Rh5 0-1

[Event "DEN-ch"]
[Site "Horsens"]
[Date "2003.04.13"]
[Round "2"]
[White "Hansen, Sune Berg"]
[Black "Hoi, Carsten"]
[Result "1-0"]
[WhiteElo "2537"]
[BlackElo "2406"]
[PlyCount "91"]
[EventDate "2003.04.12"]
[EventType "tourn"]
[EventRounds "9"]
[EventCountry "DEN"]
[EventCategory "10"]
[Source "ChessBase"]
[SourceDate "2003.07.25"]

1. e4 g6 2. d4 Bg7 3. Be3 d6 4. Nc3 a6 5. f4 b5 6. Nf3 Bb7 7. Bd3 Nd7 8. e5 e6
9. Be4 Bxe4 10. Nxe4 Ne7 11. Bf2 Qb8 12. Qe2 Nd5 13. g3 Bf8 14. O-O Be7 15. c3
O-O 16. b3 N5b6 17. h4 Qb7 18. h5 a5 19. Kg2 a4 20. b4 Nd5 21. Kh2 Rae8 22.
Rac1 N7b6 23. Rh1 Nc4 24. Kg1 Nde3 25. Qd3 Ng4 26. Nh2 Nxf2 27. Nxf2 dxe5 28.
fxe5 Rd8 29. Nhg4 Kg7 30. Ne4 Rh8 31. Qf3 h6 32. Rf1 Rdf8 33. Ngf6 Qc6 34. hxg6
fxg6 35. Rh4 h5 36. Rf4 Nb6 37. Ng5 Qxf3 38. Nxe6+ Kf7 39. Ng5+ Kg7 40. R4xf3
Kh6 41. Ne6 Rc8 42. g4 hxg4 43. Nxg4+ Kh5 44. Nf6+ Bxf6 45. exf6 Rhe8 46. Ng7+
1-0

[Event "DEN-ch"]
[Site "Horsens"]
[Date "2003.04.15"]
[Round "4"]
[White "Hansen, Sune Berg"]
[Black "Palo, Davor"]
[Result "1-0"]
[WhiteElo "2537"]
[BlackElo "2483"]
[PlyCount "121"]
[EventDate "2003.04.12"]
[EventType "tourn"]
[EventRounds "9"]
[EventCountry "DEN"]
[EventCategory "10"]
[Source "ChessBase"]
[SourceDate "2003.07.25"]

1. e4 c6 2. d4 d5 3. exd5 cxd5 4. c4 Nf6 5. Nc3 e6 6. Nf3 Be7 7. cxd5 Nxd5 8.
Bc4 O-O 9. O-O Nc6 10. Re1 b6 11. Nxd5 exd5 12. Bb5 Bd7 13. Qa4 Rc8 14. Bf4 Bf6
15. Rac1 Re8 16. Rxe8+ Qxe8 17. Re1 Qd8 18. h3 h6 19. a3 Nb8 20. Bxb8 Bxb5 21.
Qxb5 Rxb8 22. Ne5 Bxe5 23. Rxe5 Rc8 24. g3 Qf6 25. Qxd5 Rc2 26. Re8+ Kh7 27.
Qe4+ Qg6 28. b4 Qxe4 29. Rxe4 Ra2 30. Re3 Kg6 31. Kf1 Kf6 32. Ke1 Ra1+ 33. Ke2
Ra2+ 34. Kf1 g6 35. d5 Rd2 36. Rc3 Rxd5 37. Rc7 a5 38. Rc6+ Kg7 39. Rxb6 axb4
40. Rxb4 Rd2 41. Rb3 h5 42. h4 Kf6 43. Ke1 Ra2 44. Rf3+ Ke6 45. Kd1 Ke5 46. Kc1
f6 47. Kb1 Rd2 48. a4 g5 49. a5 gxh4 50. gxh4 Rd4 51. Ra3 Rxh4 52. a6 Rb4+ 53.
Kc2 Rb8 54. Ra5+ Kd6 55. Rxh5 Kc7 56. a7 Ra8 57. Kd3 Kb6 58. Rh7 Re8 59. Re7
Rd8+ 60. Ke4 Kc6 61. Kf5 1-0

[Event "DEN-ch"]
[Site "Horsens"]
[Date "2003.04.14"]
[Round "3"]
[White "Hoi, Carsten"]
[Black "Palo, Davor"]
[Result "0-1"]
[WhiteElo "2406"]
[BlackElo "2483"]
[PlyCount "112"]
[EventDate "2003.04.12"]
[EventType "tourn"]
[EventRounds "9"]
[EventCountry "DEN"]
[EventCategory "10"]
[Source "ChessBase"]
[SourceDate "2003.07.25"]

1. d4 Nf6 2. Nf3 e6 3. e3 b6 4. Bd3 Bb7 5. O-O c5 6. c4 g6 7. Nc3 Bg7 8. e4
cxd4 9. Nxd4 O-O 10. Bg5 d6 11. f4 a6 12. Qe1 Qc7 13. Kh1 h6 14. Bxf6 Bxf6 15.
Nf3 Nd7 16. Rd1 Bg7 17. Qg3 Nf6 18. f5 g5 19. h4 g4 20. Ng5 e5 21. Be2 Rfd8 22.
Bxg4 hxg5 23. hxg5 Nxe4 24. Nxe4 Bxe4 25. Qh4 f6 26. gxf6 Bf8 27. Bh3 Bb7 28.
Rd3 Qh7 29. f7+ Kh8 30. Qf6+ Bg7 31. Qe7 Be4 32. Rg3 Rf8 33. Rd1 Qh5 34. Rxd6
Rxf7 35. Rd8+ Rxd8 36. Qxd8+ Rf8 37. Qxb6 Bxf5 38. Qc7 Rf7 39. Qd8+ Rf8 40. Qc7
Qf7 41. Qc6 e4 42. Qxa6 Qc7 43. Kh2 Bxh3 44. Kxh3 Qc8+ 45. Qxc8 Rxc8 46. Kg4
Bh6 47. Rc3 e3 48. Rc2 Rf8 49. Kg3 Rf1 50. b4 Bf4+ 51. Kg4 Rf2 52. Re2 Rxe2 53.
Kxf4 Rc2 54. Kxe3 Rxc4 55. Kd3 Rxb4 56. Kc3 Rg4 0-1

[Event "DEN-ch"]
[Site "Horsens"]
[Date "2003.04.20"]
[Round "9"]
[White "Hoi, Carsten"]
[Black "Rasmussen, Karsten"]
[Result "1/2-1/2"]
[WhiteElo "2406"]
[BlackElo "2423"]
[PlyCount "94"]
[EventDate "2003.04.12"]
[EventType "tourn"]
[EventRounds "9"]
[EventCountry "DEN"]
[EventCategory "10"]
[Source "ChessBase"]
[SourceDate "2003.07.25"]

1. d4 d5 2. c4 c6 3. Nf3 Nf6 4. Nc3 e6 5. e3 Nbd7 6. Bd3 dxc4 7. Bxc4 b5 8. Bd3
Bb7 9. e4 b4 10. Na4 c5 11. e5 Nd5 12. O-O cxd4 13. Nxd4 Nxe5 14. Bb5+ Nd7 15.
Qh5 N5f6 16. Qe2 a6 17. Bc4 Qa5 18. Nxe6 fxe6 19. Bxe6 Qe5 20. Re1 Qxe2 21.
Rxe2 Kd8 22. Bxd7 Kxd7 23. Nb6+ Kc7 24. Nxa8+ Bxa8 25. Bf4+ Bd6 26. Re7+ Nd7
27. Bxd6+ Kxd6 28. Rxg7 Bc6 29. Rd1+ Ke6 30. h4 a5 31. f3 Nf6 32. Kf2 Bd5 33.
Ra7 Ra8 34. Rxa8 Bxa8 35. g4 Bd5 36. b3 Nd7 37. Re1+ Kd6 38. f4 a4 39. f5 Nc5
40. Re8 axb3 41. axb3 Nxb3 42. Ke3 Nc5 43. Rd8+ Ke5 44. Re8+ Kd6 45. Rd8+ Ke5
46. Re8+ Kd6 47. Rd8+ Ke5 1/2-1/2

[Event "DEN-ch"]
[Site "Horsens"]
[Date "2003.04.18"]
[Round "7"]
[White "Hoi, Carsten"]
[Black "Mortensen, Erling"]
[Result "0-1"]
[WhiteElo "2406"]
[BlackElo "2453"]
[Annotator "Mortensen,E"]
[PlyCount "94"]
[EventDate "2003.04.12"]
[EventType "tourn"]
[EventRounds "9"]
[EventCountry "DEN"]
[EventCategory "10"]
[Source "ChessBase"]
[SourceDate "2003.07.25"]

1. d4 d6 2. e4 Nf6 3. f3 c5 4. d5 g6 5. c4 Bg7 6. Nc3 e6 7. Bg5 h6 8. Be3 exd5
9. cxd5 O-O 10. Qd2 Nh7 {Why this strange looking move? The threat against the
h6 pawn was not so terrible, for instance} (10... Re8 11. Bxh6 Nxe4 12. Nxe4
Qh4+) {and black is fine. But in some main lines where black plays f7-f5 it is
better to reserve e8 for the other rook.The developing move 10...Nd7 gives
white the opportunity to play Nh3-f2 supporting the center and preparing an
eventual kingside attack with g2-g4. Another useful move is 10...h6-h5, as the
pawn will be hanging after white plays Ne2-g3, but in several lines where
white castles kingside it is more active for black to play g6-g5 instead of
h6-h5. So the text move preparing counterplay with f7-f5 is the most flexible.}
11. h4 $5 h5 12. O-O-O (12. g4 $5 hxg4 13. h5 g5 14. fxg4 Nd7 15. Nh3 Ne5 16.
Be2 $14 {0-1 Krudde,F-Veerman,J/Eindhoven 1988/EXT 2002 (51)}) 12... Re8 13.
Nh3 Nd7 14. Be2 a6 15. Nf2 b5 16. g4 ({To be considered was} 16. Rdg1 {to give
make Nd1 possible next move}) 16... b4 17. Nb1 Ndf6 18. gxh5 Nxh5 19. Rdg1 Qe7
$1 {Prevention against f3-f4. Probably white should now take time to bring Nb1
back into action with Qc2} 20. f4 $2 N7f6 21. Bf3 Bf5 $1 {The refutation. The
white center collapse:} 22. exf5 (22. e5 dxe5 23. d6 Qe6 24. Bxa8 exf4 $1 (
24... Qxa2 25. Nd3) 25. d7 (25. Bxc5 Qc4+ 26. Kd1 Qxc5 $19) 25... Nxd7 26. Be4
fxe3 27. Qxe3 Qxa2 $19) 22... Qxe3 23. Bxh5 gxh5 24. Rh3 Qxd2+ 25. Nxd2 Kf8 {
The ending is hopeless for white. There are too many weak pawns} 26. Rd3 (26.
Rhg3 Bh6 27. Nfe4 Nxe4 28. Rg8+ Ke7 29. Rxe8+ Rxe8 30. Nxe4 Bxf4+ 31. Kc2 Kd8
$19) 26... Re2 27. Nh3 Rae8 28. Nc4 Rh2 29. Rgd1 (29. Nxd6 Ree2 $19) 29... Ree2
30. R1d2 Rxd2 31. Nxd2 Bh6 32. Nc4 Nxd5 33. Rxd5 Rxh3 34. f6 Rxh4 35. Kc2 Rxf4
36. Kb3 (36. Rxd6 Rxc4+ 37. Kb3 Rd4 $19) 36... Rxf6 37. Nxd6 Ke7 38. Nc4 Rf3+
39. Ka4 f5 40. Rxc5 h4 41. Rc7+ Kf6 42. Rc6+ Kg7 43. Rc7+ Kg8 44. Rc8+ Kh7 45.
Ne5 Re3 46. Nf7 Bg7 47. Rc4 Kg6 0-1

[Event "DEN-ch"]
[Site "Horsens"]
[Date "2003.04.16"]
[Round "5"]
[White "Hoi, Carsten"]
[Black "Pedersen, Steffen"]
[Result "0-1"]
[WhiteElo "2406"]
[BlackElo "2443"]
[PlyCount "86"]
[EventDate "2003.04.12"]
[EventType "tourn"]
[EventRounds "9"]
[EventCountry "DEN"]
[EventCategory "10"]
[Source "ChessBase"]
[SourceDate "2003.07.25"]

1. d4 d5 2. Nf3 Nf6 3. c4 e6 4. Nc3 Be7 5. Bg5 h6 6. Bxf6 Bxf6 7. cxd5 exd5 8.
e3 c6 9. Bd3 Be6 10. Qc2 O-O 11. O-O-O c5 12. dxc5 Nc6 13. Nd4 Bxd4 14. exd4
Qf6 15. Ne2 b6 16. Bb5 Bf5 17. Qc3 Rab8 18. Bxc6 Qxc6 19. Rd2 Rfc8 20. b3 bxc5
21. dxc5 Rb5 22. b4 Qxc5 23. Qxc5 Rcxc5+ 24. Kb2 Rxb4+ 25. Ka1 Rc2 26. Rxc2
Bxc2 27. a3 Re4 28. Nc3 Rd4 29. Re1 Rd3 30. Re3 d4 31. Rxd3 Bxd3 32. Nb1 Kf8
33. Nd2 Ke7 34. Nb3 Kd6 35. Nxd4 Kd5 36. Nb3 Bf1 37. g3 Be2 38. Kb2 Ke4 39. Kc3
Kf3 40. Nd4+ Kxf2 41. Nf5 Kg2 42. Kd4 Kxh2 43. Nxg7 Bg4 0-1

[Event "DEN-ch"]
[Site "Horsens"]
[Date "2003.04.15"]
[Round "4"]
[White "Mortensen, Erling"]
[Black "Schandorff, Lars"]
[Result "0-1"]
[WhiteElo "2453"]
[BlackElo "2563"]
[PlyCount "125"]
[EventDate "2003.04.12"]
[EventType "tourn"]
[EventRounds "9"]
[EventCountry "DEN"]
[EventCategory "10"]
[Source "ChessBase"]
[SourceDate "2003.07.25"]

1. e4 c6 2. d4 d5 3. Nd2 dxe4 4. Nxe4 Nd7 5. Bc4 Ngf6 6. Ng5 e6 7. Qe2 Nb6 8.
Bb3 h6 9. N5f3 a5 10. a4 c5 11. Be3 Qc7 12. Ne5 Bd6 13. Ngf3 O-O 14. O-O Nbd5
15. Rad1 b6 16. c3 Ba6 17. Bc4 cxd4 18. Rxd4 Nxe3 19. fxe3 Bb7 20. Ng4 Ne4 21.
Nd2 Nxd2 22. Qxd2 Rad8 23. Rd1 Be7 24. Bb5 Bc8 25. Qe2 f5 26. Nf2 Bc5 27. Rxd8
Rxd8 28. Rxd8+ Qxd8 29. Nd3 Bd6 30. e4 Qh4 31. e5 Bc7 32. Qf3 Qe4 33. Bc6 Qxf3
34. gxf3 Ba6 35. Bb5 Bb7 36. Kf2 g5 37. Bc4 Kf7 38. h3 Bc6 39. b3 Ke7 40. Kg3
f4+ 41. Kg4 Kf7 42. h4 gxh4 43. Kxh4 Bxf3 44. Nxf4 Bxe5 45. Nxe6 Kf6 46. Nd4
Bxd4 47. Kg3 Bd1 48. cxd4 Kf5 49. Bd3+ Ke6 50. Bc4+ Kf5 51. Bd3+ Kg5 52. Bc4
Bg4 53. Kf2 Kf4 54. d5 Ke5 55. Ke3 h5 56. Kd2 Bf3 57. Kc3 h4 58. Bf1 Kxd5 59.
b4 Bd1 60. Bg2+ Kd6 61. bxa5 bxa5 62. Bf1 Bf3 63. Bc4 0-1

[Event "DEN-ch"]
[Site "Horsens"]
[Date "2003.04.17"]
[Round "6"]
[White "Mortensen, Erling"]
[Black "Pedersen, Nicolai Vesterbaek"]
[Result "1/2-1/2"]
[WhiteElo "2453"]
[BlackElo "2508"]
[Annotator "Mortensen,E"]
[PlyCount "61"]
[EventDate "2003.04.12"]
[EventType "tourn"]
[EventRounds "9"]
[EventCountry "DEN"]
[EventCategory "10"]
[Source "ChessBase"]
[SourceDate "2003.07.25"]

1. e4 d5 2. exd5 Nf6 3. Bb5+ Nbd7 ({Sacrificing a pawn with} 3... Bd7 4. Bc4
Bg4 5. f3 Bf5 6. Nc3 c6 {is the alternative}) 4. c4 a6 5. Ba4 ({More safe is} 
5. Bxd7+ Qxd7 6. d3 c6 7. dxc6 Qxc6 8. Qf3 Qc7 9. Ne2 Bg4 10. Qg3 e5 11. Nbc3
h5 12. Bg5 O-O-O 13. O-O-O $14 {1-0 Fuderer,A-Bogoljubow,E/Belgrade 1952/EXT
98 (32)}) 5... b5 6. cxb5 Nxd5 7. Nf3 Nc5 $146 ({Probably} 7... N7b6 {is more
precise. Now white manage to keep the bishop.}) 8. Bc2 $5 ({Black gets quite
good compensation for the pawn after} 8. bxa6+ Nxa4 9. Qxa4+ Qd7 10. Qxd7+ Kxd7
$5 11. O-O (11. Ne5+ Ke6 12. d4 Bxa6) 11... Bxa6 12. Re1 f6 13. d4 Nb4 14. Na3
e6 15. Rd1 Be2 16. Rd2 Bxf3 17. gxf3 Bd6 18. Rd1 Rhb8 $15 {0-1 Balogh,
C-Paschall,W/Budapest 1998/EXT 99 (84)}) 8... Nb4 $2 {Getting the white bishop
but wasting too much time. Necessary was} (8... axb5 9. d4 Na4 10. O-O e6 11.
Bd3 Bd7 12. Ne5 $14) 9. d4 Nxc2+ 10. Qxc2 Ne6 (10... Nd7 11. Bf4 $16) 11. Be3
$2 ({The refutation looks like this:} 11. Qe4 $1 Rb8 (11... Ra7 12. d5 Nc5 13.
Qd4 e6 14. b4 $18) 12. bxa6 Rb6 (12... Bxa6 $2 13. Qc6+ $18) 13. Be3 Rxa6 (
13... Bxa6 14. d5 Rxb2 15. Nc3 $18) 14. d5 Bb7 15. Nc3 c5 16. Rd1 $18) 11...
axb5 12. Nc3 (12. Qc6+ $5 Bd7 13. Qe4 $14) 12... b4 13. d5 bxc3 14. Rd1 (14.
dxe6 Bxe6 15. Qxc3 Bd5 $13) 14... Qd6 15. dxe6 Qxe6 16. Qxc3 (16. O-O Bb7 $13)
16... Ba6 (16... Bb7 17. Qxc7 Bxf3 18. gxf3 $16) 17. b3 (17. Qxc7 Rc8 18. Qa5
Qc4 19. Qd2 f6 $44) 17... f6 18. Nd4 Qd5 19. f3 e5 20. Nf5 Qb5 21. Kf2 g6 $6 (
21... Bc8 $5 $15) 22. Ng3 Bb4 $6 $138 (22... Bd6 23. Ne4 O-O (23... f5 24. Rxd6
fxe4 25. Re6+ $16) 24. Nxd6 cxd6 25. Rxd6 Qe2+ 26. Kg3 $14) 23. Qxc7 Rc8 24.
Qg7 Rc2+ 25. Kg1 Rf8 26. Ne4 $2 ({Forgetting that f5 is an even better square
for this knight:} 26. Qxh7 Bc5 27. Qxg6+ Ke7 28. Nf5+ Ke6 29. h4 $18) 26... Be7
27. Qxh7 Qe2 28. Qxg6+ Rf7 29. Qg8+ (29. Nf2 Rxa2 (29... Qxe3 30. Qxc2 Bc5) 30.
Qe4 Rg7 31. g3 Bb7 32. Qxb7 Qxe3 33. Rf1 Bc5 $13) 29... Rf8 30. Qg6+ Rf7 31.
Qg8+ 1/2-1/2

[Event "DEN-ch"]
[Site "Horsens"]
[Date "2003.04.19"]
[Round "8"]
[White "Mortensen, Erling"]
[Black "Palo, Davor"]
[Result "0-1"]
[WhiteElo "2453"]
[BlackElo "2483"]
[PlyCount "126"]
[EventDate "2003.04.12"]
[EventType "tourn"]
[EventRounds "9"]
[EventCountry "DEN"]
[EventCategory "10"]
[Source "ChessBase"]
[SourceDate "2003.07.25"]

1. e4 c6 2. d4 d5 3. e5 Bf5 4. Nf3 e6 5. Be2 Ne7 6. O-O Nd7 7. Na3 a6 8. b3 Bg6
9. c4 Nf5 10. Nc2 Be7 11. g4 Nh4 12. Nxh4 Bxh4 13. f4 f5 14. cxd5 cxd5 15. Ne3
O-O 16. gxf5 Bxf5 17. Nxf5 exf5 18. Bf3 Nb6 19. Ba3 Be7 20. Bxe7 Qxe7 21. Qd2
Rad8 22. Rac1 Qe6 23. Rc7 Rf7 24. Rxf7 Kxf7 25. Rc1 Nc8 26. Rc7+ Ne7 27. Rxb7
Rc8 28. Qb4 Qg6+ 29. Kf1 Re8 30. Bxd5+ Kf8 31. Bf3 Qh6 32. d5 Qh3+ 33. Bg2 Qd3+
34. Kf2 a5 35. Qc5 Qd2+ 36. Kg3 g5 37. Qf2 Qc3+ 38. Bf3 gxf4+ 39. Kg2 Qxe5 40.
Qd2 Ng6 41. Rxh7 Qf6 42. d6 Nh4+ 43. Rxh4 Qxh4 44. d7 Rd8 45. Qxa5 Qg5+ 46. Kf1
Rxd7 47. Qc5+ Kg7 48. Qe5+ Kh7 49. a4 Re7 50. Qd5 Qf6 51. a5 Re5 52. Qd7+ Re7
53. Qd5 Re5 54. Qd7+ Re7 55. Qd1 Qa6+ 56. Be2 Qxa5 57. Bc4 Kg7 58. Kg2 Qc3 59.
Qd6 Qc2+ 60. Kf1 Qb1+ 61. Kg2 Qe4+ 62. Kf2 Qe3+ 63. Kf1 Qf3+ 0-1

[Event "DEN-ch"]
[Site "Horsens"]
[Date "2003.04.12"]
[Round "1"]
[White "Mortensen, Erling"]
[Black "Pedersen, Steffen"]
[Result "0-1"]
[WhiteElo "2453"]
[BlackElo "2443"]
[PlyCount "100"]
[EventDate "2003.04.12"]
[EventType "tourn"]
[EventRounds "9"]
[EventCountry "DEN"]
[EventCategory "10"]
[Source "ChessBase"]
[SourceDate "2003.07.25"]

1. e4 c5 2. Nf3 d6 3. d4 cxd4 4. Nxd4 Nf6 5. Nc3 a6 6. Be2 e6 7. O-O Be7 8. f4
Qc7 9. Kh1 Nc6 10. Be3 O-O 11. a4 Re8 12. Bd3 Nb4 13. g4 b6 14. g5 Nd7 15. Qh5
Nc5 16. f5 g6 17. fxg6 fxg6 18. Qe2 Ncxd3 19. cxd3 Bd7 20. Rac1 Qb7 21. Kg1 Rf8
22. h4 Rxf1+ 23. Rxf1 Rf8 24. Rxf8+ Bxf8 25. Nf3 b5 26. axb5 Bxb5 27. Nxb5 Qxb5
28. Ne1 Bg7 29. Qg4 Kf7 30. d4 Nc6 31. Qf3+ Ke7 32. Qf2 Qc4 33. Nf3 Qd3 34. e5
dxe5 35. dxe5 Bxe5 36. Nxe5 Nxe5 37. Bc5+ Kd7 38. Ba3 Qd1+ 39. Kg2 Qg4+ 40. Kf1
Qf3 41. Bc5 Kc6 42. Qxf3+ Nxf3 43. Bf2 Kd5 44. Ke2 Ke4 45. b4 e5 46. Bg3 Nd4+
47. Kd2 Nf5 48. Be1 Kf3 49. Kd3 Nd6 50. Kc3 Ke2 0-1